| 000 | 00806nam a2200229Ia 4500 | ||
|---|---|---|---|
| 001 | 4201 | ||
| 003 | GE_BSU | ||
| 008 | 181216s||||||||xx |||||||||||||| ||und|| | ||
| 020 | _a5060009122 | ||
| 040 | _cGE_BSU | ||
| 080 | _a66.013(075.8) | ||
| 100 | _aМашев,В.В. Петрухин,И.П. | ||
| 245 | _aМонтаж оборудования предприятий химической и нефтяной промышленности. | ||
| 245 | _bУчебник. | ||
| 245 | _cРед.С.Е.Фельдбарг. | ||
| 260 | _aМ. | ||
| 260 | _bВысш. школа. | ||
| 260 | _c1990. | ||
| 300 | _a208 стр. с илл. 21 см. | ||
| 653 | _aМонтаж оборудования предприятий химической и нефтяной промышленности. | ||
| 942 | _cBK | ||
| 999 |
_c38211 _d38211 |
||